Servicio diplomático i consular: lejislación vijente en 1896

-д хадгалсан:
Номзүйн дэлгэрэнгүй
Үндсэн зохиолч: Zenteno Barros, Julio (Зохиогч)
Формат: Ном
Хэл сонгох:испани
Хэвлэсэн: Santiago Ministerio de Relaciones Esteriores 1896
Нөхцлүүд:
Шошгууд: Шошго нэмэх
Шошго байхгүй, Энэхүү баримтыг шошголох эхний хүн болох!

MARC

LEADER 00000nam a2200000 a 4500
001 UCR4155
003 CL-VaPUC
008 980307e18960000CL |||||||||||||||||spa|d
082 0 4 |a 341.35  |b ZEN  |2 21 
100 0 |a Zenteno Barros, Julio  |e author  |9 403843 
245 1 0 |a Servicio diplomático i consular: lejislación vijente en 1896 
300 |a 992 p 
942 |c BK 
945 |d 19980307 00:00:00  |a cmena 
260 |a Santiago  |b Ministerio de Relaciones Esteriores  |c 1896 
600 0 7 |a MINISTERIO DE RELACIONES EXTERIORES  |2 CL-VaPUC  |9 398252 
650 7 |a DERECHO CONSULAR  |2 CL-VaPUC  |9 398254 
650 7 |a CONSULES  |2 CL-VaPUC  |9 382270 
650 0 |a Jurisprudencia  |9 255952 
650 0 |a Diplomacia  |9 256483 
650 0 |a Derecho internacional  |9 255637 
651 7 |a CHILE  |2 CL-VaPUC  |9 403844 
583 |a last modification  |c 19980307 00:00:00  |k Rodrigo Vera 
999 |c 267106  |d 267104 
952 |0 0  |1 0  |4 0  |6 341_350000000000000_ZEN_1896  |7 0  |8 X  |9 299284  |a BIBDER  |b BIBDER  |d 2019-11-20  |i 1958089  |o 341.35 ZEN 1896  |p 1958089  |r 2023-01-25  |w 2019-11-20  |y BK_X  |k DER